Polityka fiskalna

Salvato in:
Dettagli Bibliografici
Autore principale: Pietrewicz, Miroslaw
Natura: Libro
Lingua:polacco
Pubblicazione: Warszawa Poltext 1998
Edizione:4. wyd. zaktual. i rozsz.
Serie:Szkola Glówna Handlowa Studia Finansowo-Bankowe
Soggetti:
Tags: Aggiungi Tag
Nessun Tag, puoi essere il primo ad aggiungerne!!

MARC

LEADER 00000nam a2200000 4500
001 c123780
005 20221221083215.0
020 |a 83-85366-40-7 
041 0 |a pol 
044 |a PL 
245 1 0 |a Polityka fiskalna  |c Miroslaw Pietrewicz 
250 |a 4. wyd. zaktual. i rozsz. 
264 1 |a Warszawa  |b Poltext  |c 1998 
300 |a 135 s. 
490 1 |a Szkola Glówna Handlowa  |v Studia Finansowo-Bankowe 
830 0 |a Szkola Glówna Handlowa  |v Studia Finansowo-Bankowe 
610 2 0 |a politika fiškálna 
610 2 0 |a rozpočty 
610 2 0 |a redistribúcia 
610 2 0 |a systémy daňové 
610 2 0 |a dane 
610 2 0 |a odvody 
610 2 0 |a dane dôchodkové 
610 2 0 |a dane majetkové 
610 2 0 |a dane spotrebné 
610 2 0 |a politika daňová 
610 2 0 |a clá 
610 2 0 |a únie colné 
610 2 0 |a úver štátny 
610 2 0 |a úver verejný 
610 2 0 |a tovar 
610 2 0 |a služby 
610 2 0 |a osoby fyzické 
610 2 0 |a osoby právnické 
610 2 0 |a Poľsko 
100 1 |a Pietrewicz, Miroslaw